<?xml version="1.0" encoding="UTF-8"?>
<record
    xmlns:xsi="http://www.w3.org/2001/XMLSchema-instance"
    xsi:schemaLocation="http://www.loc.gov/MARC21/slim http://www.loc.gov/standards/marcxml/schema/MARC21slim.xsd"
    xmlns="http://www.loc.gov/MARC21/slim">

  <leader>01742nam a22003497a 4500</leader>
  <controlfield tag="003">DO-SdBPM</controlfield>
  <controlfield tag="005">20250709132420.0</controlfield>
  <controlfield tag="007">ta</controlfield>
  <controlfield tag="008">161031b 2002  sp        00| 0 spa d</controlfield>
  <datafield tag="040" ind1=" " ind2=" ">
    <subfield code="a">DO-SdBPM</subfield>
    <subfield code="b">spa</subfield>
    <subfield code="c">BPMSU</subfield>
    <subfield code="e">rda</subfield>
  </datafield>
  <datafield tag="082" ind1=" " ind2="4">
    <subfield code="a">337.18</subfield>
    <subfield code="b">C969i  2002</subfield>
    <subfield code="2">22</subfield>
  </datafield>
  <datafield tag="111" ind1="2" ind2=" ">
    <subfield code="a">Cumbre Iberoamericana de Jefes de Estado y de Gobierno</subfield>
    <subfield code="n">(XII :</subfield>
    <subfield code="d"> 2002 :  15-16 noviembre )</subfield>
    <subfield code="c">Rep&#xFA;blica Dominicana </subfield>
  </datafield>
  <datafield tag="245" ind1="0" ind2="0">
    <subfield code="a">Iberoam&#xE9;rica ante la crisis global = Iberoam&#xE9;rica diante da crise global /</subfield>
    <subfield code="c">pr&#xF3;logo Hip&#xF3;lito Mej&#xED;a ; edici&#xF3;n Alicia Fraerman </subfield>
  </datafield>
  <datafield tag="264" ind1=" " ind2=" ">
    <subfield code="a">Madrid : </subfield>
    <subfield code="b">Editorial Comunica, </subfield>
    <subfield code="c">2002.</subfield>
  </datafield>
  <datafield tag="300" ind1=" " ind2=" ">
    <subfield code="a">261 p&#xE1;ginas : </subfield>
    <subfield code="c">31 cm. </subfield>
  </datafield>
  <datafield tag="336" ind1=" " ind2=" ">
    <subfield code="a">texto</subfield>
    <subfield code="b">txt</subfield>
    <subfield code="2">rdacontent</subfield>
  </datafield>
  <datafield tag="337" ind1=" " ind2=" ">
    <subfield code="a">sin mediaci&#xF3;n </subfield>
    <subfield code="b">n</subfield>
    <subfield code="2">rdamedia </subfield>
  </datafield>
  <datafield tag="338" ind1=" " ind2=" ">
    <subfield code="a">volumen </subfield>
    <subfield code="b">nc</subfield>
    <subfield code="2">rdacarrier </subfield>
  </datafield>
  <datafield tag="490" ind1="0" ind2=" ">
    <subfield code="a">Documentos </subfield>
  </datafield>
  <datafield tag="505" ind1=" " ind2=" ">
    <subfield code="a">Iberoam&#xE9;rica: realidades y desaf&#xED;os de la alianza Interalt&#xE1;ntica. --
La gobernanza de la globalizaci&#xF3;n. --
Los desaf&#xED;os de la democracia Iberoamericana. --
Comercio, cooperaci&#xF3;n y desarrollo sostenible. --
La construcci&#xF3;n de la comunidad Iberoamericana. --
Antecedentes y reuniones preparatorias. --
Programa de cooperaci&#xF3;n de la conferencia Iberoamericana. --
Declaraciones finales de las cumbres precedentes.</subfield>
  </datafield>
  <datafield tag="590" ind1=" " ind2=" ">
    <subfield code="a">Inventariado, 2025/VM</subfield>
  </datafield>
  <datafield tag="611" ind1="2" ind2="0">
    <subfield code="a">Cumbre Iberoamericana de Jefes de Estado y Gobierno.</subfield>
  </datafield>
  <datafield tag="650" ind1=" " ind2="7">
    <subfield code="a"> Jefes de Estado</subfield>
    <subfield code="z">Am&#xE9;rica Latina</subfield>
    <subfield code="v">Congresos, conferencias, etc.</subfield>
    <subfield code="x"> </subfield>
  </datafield>
  <datafield tag="650" ind1=" " ind2="7">
    <subfield code="a">Cooperaci&#xF3;n internacional</subfield>
    <subfield code="z">Am&#xE9;rica Latina</subfield>
  </datafield>
  <datafield tag="651" ind1=" " ind2="7">
    <subfield code="a"> </subfield>
    <subfield code="x"> </subfield>
  </datafield>
  <datafield tag="700" ind1="1" ind2=" ">
    <subfield code="a">Mej&#xED;a, Hip&#xF3;lito</subfield>
    <subfield code="e">pr&#xF3;logo </subfield>
  </datafield>
  <datafield tag="700" ind1="1" ind2=" ">
    <subfield code="a">Fraerman, Alicia</subfield>
    <subfield code="e">edici&#xF3;n </subfield>
  </datafield>
  <datafield tag="740" ind1="0" ind2="2">
    <subfield code="a">Iberoam&#xE9;rica diante da crise global.</subfield>
  </datafield>
  <datafield tag="830" ind1=" " ind2="0">
    <subfield code="a">Documentos</subfield>
  </datafield>
  <datafield tag="910" ind1=" " ind2=" ">
    <subfield code="a">VMateo V. Control de calidad. BPMSUb </subfield>
  </datafield>
  <datafield tag="942" ind1=" " ind2=" ">
    <subfield code="2">ddc</subfield>
    <subfield code="c">BK</subfield>
  </datafield>
  <datafield tag="952" ind1=" " ind2=" ">
    <subfield code="0">0</subfield>
    <subfield code="1">0</subfield>
    <subfield code="2">ddc</subfield>
    <subfield code="7">0</subfield>
    <subfield code="8">CG</subfield>
    <subfield code="a">BPMET</subfield>
    <subfield code="b">BPMET</subfield>
    <subfield code="d">2017-11-27</subfield>
    <subfield code="e"> FUNDI</subfield>
    <subfield code="l">0</subfield>
    <subfield code="o">BPMSU CD  337.18 C969i  2002</subfield>
    <subfield code="p">BPMSU17110471</subfield>
    <subfield code="r">2017-11-27</subfield>
    <subfield code="w">2017-11-27</subfield>
    <subfield code="y">BK</subfield>
  </datafield>
  <datafield tag="999" ind1=" " ind2=" ">
    <subfield code="c">13143</subfield>
    <subfield code="d">13143</subfield>
  </datafield>
</record>
